000 00690nam a22002297a 4500
008 240702b mp ||||| |||| 00| 0 mon d
020 _a978-9919-517-96-0
035 _a27639
040 _aZA2481090
_bmon
_cMN-UlNLM
_dMN-UlNLM
_erda
041 _amon
042 _a59144
084 _2NNA
_a84/4Гер/-44
_bК-98
100 _aКэстнер Э.
245 0 _aНисдэг анги
264 _aУлаанбаатар
_bМонсудар ХГ
_c2022
300 _a213х.
336 _2rdacontent
_atext
_btxt
337 _2rdamedia
_aunmediated
_bn
338 _2rdacarrier
_avolume
_bnc
942 _2NNA
_cBK
999 _c1095300
_d1095357